| 000 | 00581nam a22001817a 4500 | ||
|---|---|---|---|
| 003 | OSt | ||
| 005 | 20140310183109.0 | ||
| 008 | 130305t xxu||||| |||| 00| 0 eng d | ||
| 020 | _a9712714802 | ||
| 050 |
_aGV 1743.P5 _b.Sa36 2004 |
||
| 100 | _aSantos, Isabel A. | ||
| 245 |
_aBayanihan, the National Folk Dance Company of the Philippines : _ba memory of six continents / _cIsabel A. Santos ; edited by Priscilla G. Cabanatan |
||
| 260 |
_aManila : _bAnvil, _c2004. |
||
| 300 |
_a210 p. : _bill. (some col.) ; _c23 cm. |
||
| 562 | _e1 | ||
| 942 |
_2lcc _cBK _kFLIR |
||
| 999 |
_c18829 _d18829 |
||